Profit or Loss of the Accounting Entity in the Accounting of Municipalities

Obce ako špecifická skupina subjektov verejnej správy. Obec - právnická osoba, ktorá za podmienok ustanovených zákonom samostatne hospodári s vlastným majetkom a s vlastnými príjmami. Zisťovanie účtovného výskledku hospodárenia v účtovníctve obcí. Podstata účtovného výsledku hospodárenia obcí. Preze...

Descrizione completa

Salvato in:
Dettagli Bibliografici
Autore principale: Kovalčíková, Antónia
Natura: Capitolo di libro
Lingua:slovacco
Soggetti:
Tags: Aggiungi Tag
Nessun Tag, puoi essere il primo ad aggiungerne!!

MARC

LEADER 00000naa$a2200000$$$4500
001 0248024
005 20240502083703.3
041 0 |a slo 
044 |a CZ 
245 1 0 |a Profit or Loss of the Accounting Entity in the Accounting of Municipalities  |c Antónia Kovalčíková 
520 |a Obce ako špecifická skupina subjektov verejnej správy. Obec - právnická osoba, ktorá za podmienok ustanovených zákonom samostatne hospodári s vlastným majetkom a s vlastnými príjmami. Zisťovanie účtovného výskledku hospodárenia v účtovníctve obcí. Podstata účtovného výsledku hospodárenia obcí. Prezentácia informácií o výsledku hospodárenia v individuálnej účtovnej závierke. 
610 2 0 |a obce 
610 2 0 |a správa verejná 
610 2 0 |a samospráva miestna 
610 2 0 |a jednotka účtovná 
610 2 0 |a účtovníctvo 
610 2 0 |a výsledok hospodársky 
610 2 0 |a závierka účtovná 
610 2 0 |a náklady 
610 2 0 |a výnosy 
610 2 0 |a legislatíva 
100 1 |a Kovalčíková, Antónia